<?xml version="1.0" encoding="UTF-8"?>
<record
    xmlns:xsi="http://www.w3.org/2001/XMLSchema-instance"
    xsi:schemaLocation="http://www.loc.gov/MARC21/slim http://www.loc.gov/standards/marcxml/schema/MARC21slim.xsd"
    xmlns="http://www.loc.gov/MARC21/slim">

  <leader>02195nam a2200397 i 4500</leader>
  <controlfield tag="001">000000058</controlfield>
  <controlfield tag="003">DO-SdBNP</controlfield>
  <controlfield tag="005">20240308110829.0</controlfield>
  <controlfield tag="007">ta</controlfield>
  <controlfield tag="008">081117s2002    dr            001 0 spa d</controlfield>
  <datafield tag="020" ind1=" " ind2=" ">
    <subfield code="a">9993482730</subfield>
  </datafield>
  <datafield tag="020" ind1=" " ind2=" ">
    <subfield code="a">9789993482734</subfield>
  </datafield>
  <datafield tag="040" ind1=" " ind2=" ">
    <subfield code="a">DO-SdBNP</subfield>
    <subfield code="b">spa</subfield>
    <subfield code="c">BNPHU</subfield>
    <subfield code="e">rda</subfield>
  </datafield>
  <datafield tag="082" ind1=" " ind2="4">
    <subfield code="a">174.957</subfield>
    <subfield code="b">B615</subfield>
    <subfield code="2">22</subfield>
  </datafield>
  <datafield tag="245" ind1="0" ind2="0">
    <subfield code="a">Bio&#xE9;tica /</subfield>
    <subfield code="c">editor, Alejandro Pichardo ; colaboradores Andr&#xE9;s Peralta Cornielle, C&#xE9;sar Mella Mej&#xED;as, Di&#xF3;medes Robles.</subfield>
  </datafield>
  <datafield tag="264" ind1=" " ind2="1">
    <subfield code="a">Santo Domingo :</subfield>
    <subfield code="b">Impresora A. Mu&#xF1;oz,</subfield>
    <subfield code="c">2002.</subfield>
  </datafield>
  <datafield tag="300" ind1=" " ind2=" ">
    <subfield code="a">289 p&#xE1;ginas ;</subfield>
    <subfield code="c">21 cm.</subfield>
  </datafield>
  <datafield tag="336" ind1=" " ind2=" ">
    <subfield code="a">texto</subfield>
    <subfield code="b">txt</subfield>
    <subfield code="2">rdacontent</subfield>
  </datafield>
  <datafield tag="337" ind1=" " ind2=" ">
    <subfield code="a">sin mediaci&#xF3;n</subfield>
    <subfield code="b">n</subfield>
    <subfield code="2">rdamedia</subfield>
  </datafield>
  <datafield tag="338" ind1=" " ind2=" ">
    <subfield code="a">volumen</subfield>
    <subfield code="b">nc</subfield>
    <subfield code="2">rdacarrier</subfield>
  </datafield>
  <datafield tag="504" ind1=" " ind2=" ">
    <subfield code="a">Bibliograf&#xED;a y notas al final de cap&#xED;tulos.</subfield>
  </datafield>
  <datafield tag="505" ind1="0" ind2=" ">
    <subfield code="g">Prefacio --</subfield>
    <subfield code="t">La &#xE9;tica en la historia social de la medicina /</subfield>
    <subfield code="r">Tito Suero Portorreal --</subfield>
    <subfield code="t">Naturaleza del ser humano /</subfield>
    <subfield code="r">Andr&#xE9;s Peralta Cornielle --</subfield>
    <subfield code="t">Ense&#xF1;anza de la bio&#xE9;tica a futuros profesionales de la salud /</subfield>
    <subfield code="r">Alejandro Pichardo --</subfield>
    <subfield code="t">Relaciones m&#xE9;dicas /</subfield>
    <subfield code="r">Alejandro Pichardo --</subfield>
    <subfield code="t">Bio&#xE9;tica de la relaci&#xF3;n m&#xE9;dico-paciente (Bio&#xE9;tica cl&#xED;nica) /</subfield>
    <subfield code="r">Alejandro Pichardo --</subfield>
    <subfield code="t">Consentimiento informado /</subfield>
    <subfield code="r">Maritza Mej&#xED;a --</subfield>
    <subfield code="t">Honorarios m&#xE9;dicos /</subfield>
    <subfield code="r">Alejandro Pichardo --</subfield>
    <subfield code="t">Investigaci&#xF3;n cient&#xED;fica en seres humanos /</subfield>
    <subfield code="r">C&#xE9;sar Mella Mej&#xED;a --</subfield>
    <subfield code="t">Placebo /</subfield>
    <subfield code="r">Alejandro Pichardo --</subfield>
    <subfield code="t">Equidad /</subfield>
    <subfield code="r">Di&#xF3;medes Robles Cid --</subfield>
    <subfield code="t">Donaci&#xF3;n y trasplante de &#xF3;rganos /</subfield>
    <subfield code="r">Alejandro Pichardo --</subfield>
    <subfield code="t">Eutanasia /</subfield>
    <subfield code="r">Alejandro Pichardo --</subfield>
    <subfield code="t">&#xC9;tica psiqui&#xE1;trica /</subfield>
    <subfield code="r">Fernando S&#xE1;nchez Mart&#xED;nez, Guillermo Barrientos --</subfield>
    <subfield code="t">Anexos.</subfield>
  </datafield>
  <datafield tag="590" ind1=" " ind2=" ">
    <subfield code="a">Inventariado, 2018/MFF</subfield>
  </datafield>
  <datafield tag="650" ind1=" " ind2="4">
    <subfield code="a">Bio&#xE9;tica</subfield>
    <subfield code="9">236</subfield>
  </datafield>
  <datafield tag="650" ind1=" " ind2="4">
    <subfield code="a">Ciencia y &#xE9;tica</subfield>
    <subfield code="9">237</subfield>
  </datafield>
  <datafield tag="700" ind1="1" ind2=" ">
    <subfield code="a">Pichardo, Alejandro,</subfield>
    <subfield code="e">editor</subfield>
    <subfield code="9">238</subfield>
  </datafield>
  <datafield tag="700" ind1="1" ind2=" ">
    <subfield code="a">Peralta Cornielle, Andr&#xE9;s,</subfield>
    <subfield code="e">colaborador</subfield>
    <subfield code="9">239</subfield>
  </datafield>
  <datafield tag="700" ind1="1" ind2=" ">
    <subfield code="a">Mella Mej&#xED;as, C&#xE9;sar,</subfield>
    <subfield code="d">1950-</subfield>
    <subfield code="e">colaborador</subfield>
    <subfield code="9">210</subfield>
  </datafield>
  <datafield tag="700" ind1="1" ind2=" ">
    <subfield code="a">Robles Cid, Di&#xF3;medes,</subfield>
    <subfield code="e">colaborador</subfield>
    <subfield code="9">240</subfield>
  </datafield>
  <datafield tag="700" ind1="1" ind2=" ">
    <subfield code="a">S&#xE1;nchez Mart&#xED;nez, Fernando, </subfield>
    <subfield code="e">colaborador</subfield>
    <subfield code="9">7183</subfield>
  </datafield>
  <datafield tag="700" ind1="1" ind2=" ">
    <subfield code="a">Barrientos, Guillermo,</subfield>
    <subfield code="e">colaborador</subfield>
    <subfield code="9">62888</subfield>
  </datafield>
  <datafield tag="700" ind1="1" ind2=" ">
    <subfield code="a">Mej&#xED;a, Maritza,</subfield>
    <subfield code="e">colaborador</subfield>
    <subfield code="9">37171</subfield>
  </datafield>
  <datafield tag="700" ind1="1" ind2=" ">
    <subfield code="a">Suero, Tito,</subfield>
    <subfield code="e">colaborador</subfield>
    <subfield code="9">84996</subfield>
  </datafield>
  <datafield tag="910" ind1=" " ind2=" ">
    <subfield code="a">Validado. Control de calidad EMS</subfield>
  </datafield>
  <datafield tag="942" ind1=" " ind2=" ">
    <subfield code="2">ddc</subfield>
    <subfield code="c">LBS1</subfield>
  </datafield>
  <datafield tag="952" ind1=" " ind2=" ">
    <subfield code="0">0</subfield>
    <subfield code="1">0</subfield>
    <subfield code="2">ddc</subfield>
    <subfield code="5">6</subfield>
    <subfield code="7">0</subfield>
    <subfield code="8">DS</subfield>
    <subfield code="a">BNPHU</subfield>
    <subfield code="b">BNPHU</subfield>
    <subfield code="c">HD</subfield>
    <subfield code="d">2009-06-12</subfield>
    <subfield code="e">051544</subfield>
    <subfield code="l">0</subfield>
    <subfield code="o">BNPHU DS 174.957 B615</subfield>
    <subfield code="p">58-30</subfield>
    <subfield code="r">2020-06-25</subfield>
    <subfield code="t">e.3</subfield>
    <subfield code="w">2020-06-25</subfield>
    <subfield code="y">LBS1</subfield>
  </datafield>
  <datafield tag="952" ind1=" " ind2=" ">
    <subfield code="0">0</subfield>
    <subfield code="1">0</subfield>
    <subfield code="2">ddc</subfield>
    <subfield code="5">1</subfield>
    <subfield code="7">0</subfield>
    <subfield code="8">PD</subfield>
    <subfield code="a">BNPHU</subfield>
    <subfield code="b">BNPHU</subfield>
    <subfield code="c">HD</subfield>
    <subfield code="d">2009-06-12</subfield>
    <subfield code="e">051542</subfield>
    <subfield code="l">0</subfield>
    <subfield code="o">BNPHU PD 174.957 B615</subfield>
    <subfield code="p">58-10</subfield>
    <subfield code="r">2020-06-25</subfield>
    <subfield code="w">2020-06-25</subfield>
    <subfield code="y">LBS1</subfield>
    <subfield code="Z">No se presta</subfield>
  </datafield>
  <datafield tag="952" ind1=" " ind2=" ">
    <subfield code="0">0</subfield>
    <subfield code="1">0</subfield>
    <subfield code="2">ddc</subfield>
    <subfield code="5">1</subfield>
    <subfield code="7">0</subfield>
    <subfield code="8">PD</subfield>
    <subfield code="a">BNPHU</subfield>
    <subfield code="b">BNPHU</subfield>
    <subfield code="c">HD</subfield>
    <subfield code="d">2009-06-12</subfield>
    <subfield code="e">051543</subfield>
    <subfield code="l">0</subfield>
    <subfield code="o">BNPHU PD 174.957 B615</subfield>
    <subfield code="p">58-20</subfield>
    <subfield code="r">2020-06-25</subfield>
    <subfield code="t">e. 2</subfield>
    <subfield code="w">2020-06-25</subfield>
    <subfield code="y">LBS1</subfield>
    <subfield code="Z">No se presta</subfield>
  </datafield>
  <datafield tag="952" ind1=" " ind2=" ">
    <subfield code="0">0</subfield>
    <subfield code="1">0</subfield>
    <subfield code="2">ddc</subfield>
    <subfield code="5">6</subfield>
    <subfield code="7">0</subfield>
    <subfield code="8">DS</subfield>
    <subfield code="a">BNPHU</subfield>
    <subfield code="b">BNPHU</subfield>
    <subfield code="c">HD</subfield>
    <subfield code="d">2023-07-14</subfield>
    <subfield code="l">0</subfield>
    <subfield code="o">BNPHU DS 174.957 B615</subfield>
    <subfield code="p">2023-4874</subfield>
    <subfield code="r">2023-07-14</subfield>
    <subfield code="t">e.4</subfield>
    <subfield code="w">2023-07-14</subfield>
    <subfield code="y">LBS1</subfield>
  </datafield>
  <datafield tag="999" ind1=" " ind2=" ">
    <subfield code="c">58</subfield>
    <subfield code="d">58</subfield>
  </datafield>
</record>
